00326pab a2200133 454500008004000000100001800040245004200058260000900100300001300109362001100122650001100133650001400144773003400158180718b2017 xxu||||| |||| 00| 0 eng d aHaragopal, G. aMaoist movement: context and concerns c2017 ap.71-76. a27 May aMaoism aTerrorism aEconomic and Political Weekly